[Event "IRI-ch U16"]
[Site "Chess.com INT"]
[Date "2021.01.16"]
[Round "4"]
[White "Sherafat, Mahdi"]
[Black "Saydi, Karo"]
[Result "0-1"]
[WhiteElo "1316"]
[BlackElo "1678"]
[PlyCount "58"]
[EventDate "2021.01.16"]
[EventType "swiss"]
[EventRounds "11"]
[EventCountry "IRI"]
[SourceTitle "EXT 2022"]
[Source "ChessBase"]
[SourceDate "2021.10.06"]
[SourceVersion "1"]
[SourceVersionDate "2021.10.06"]
[SourceQuality "1"]

1. e4 e6 2. d4 d5 3. Bd3 Nf6 4. e5 Nfd7 5. c3 c5 6. Ne2 Nc6 7. Nd2 Qb6 8. Nf3 cxd4 9. cxd4 f6 10. exf6 Nxf6 11. 0-0 Bd6 12. Re1 0-0 13. Rb1 e5 14. dxe5 Nxe5 15. Be3 Nxf3+ 16. gxf3 Qc7 17. Ng3 Qf7 18. Kg2 Nh5 19. Bc2 b6 20. Qd4 Qxf3+ 21. Kg1 Bh3 22. Qxd5+ Qxd5 23. Bb3 Qxb3 24. axb3 Nxg3 25. hxg3 Bg4 26. Kg2 Bf3+ 27. Kg1 Rf5 28. g4 Bxg4 29. Kg2 Bf3+ 0-1